Complete These Groups of Four - Statistics

General Stats
  • This quiz has been taken 187 times
  • The average score is 10 of 15
Answer Stats
Hint Answer % Correct
North, South, East and West
96%
Winter, Spring, Summer and Fall
93%
John Lennon, Paul McCartney, George Harrison and Ringo Starr
89%
Matthew, Mark, Luke and John
86%
Leonardo, Raphael, Donatello and Michelangelo
84%
Three Men and a ... baby
82%
Army, Navy, Marines and Air Force
80%
George Washington,Thomas Jefferson,Theodore Roosevelt and Abraham Lincoln
75%
Vanuatu, Vatican City, Venezuela and Vietnam
69%
Stan, Kyle, Cartman and Kenny
55%
War, Famine, Death and Pestilence
43%
Groucho, Chico, Zeppo and Harpo
42%
Carrie, Charlotte, Samantha and Miranda
30%
Frodo, Sam, Merry and Pippin
28%
Athos, Porthos, Aramis and d'Artagnan
15%
No matching quizzes found
Score Distribution
Percent of People with Each Score
Percentile by Number Answered
Your Score History
You have not taken this quiz